000 00872nam a2200229Ia 4500
001 14677
003 GE_BSU
008 181216s||||||||xx |||||||||||||| ||und||
020 _a5511001023
040 _cGE_BSU
080 _a821.353.1-31+821.353.1-32
100 _aქიაჩელი,ლეო
245 _aტარიელ გოლუა, გვადი ბიგვა
245 _cშეადგ. წინასიტყვ. და ბოლოთქმა დაურთო ტ. კვანჭილაშვილმა. რედ. თ. კიკაჩეიშვილი
260 _aთბილისი
260 _bთბილისის უნ-ტის გამ-ბა
260 _c1989
300 _a444გვ.20სმ.
653 _aგვადი ბიგვა
653 _aტარიელ გოლუა
942 _cBK
999 _c47803
_d47803